00605nam a2200193 a 4500001001300000003000900013005001700022008004100039020002300080082002100103100001600124245012300140260003800263300000900301500003500310505002400345650002600369700001600395nice12345678IN_TiNIC20260116015412.0050524s1999 newa grp 000 0 eng  a9780283992575c29500a909.0491411bBAS aBasham, A L aWonder That Was Indiab A Survey of the History & Culture of the Indian Sub-Continent Before the Coming of the Muslims aNew Delhi bRupa & Company c1999 a568p aincludes index and biblioraphy2 aBibliography, Index aIndia-Ancient History1 aBasham, A L